000 01349nam a22003737a 4500
003 CHAP
005 20220817042237.0
008 971013s1979 r 00010 d
010 _a38506
011 _a39478
035 _a43599
040 _cCHAP
082 _a634.81
_bE8 1979
110 _aEspaña. Ministerio de Agricultura
_937710
245 _aDiez temas sobre la vid
250 _a2 ed.
260 _aMadrid :
_bEl Ministerio,
_c1979
300 _a202 p.
_b: ilus.
490 _aPublicaciones de extensión agraria
590 _aBATCH-UPD
_b10
_c20130110
_lUCH01
_h1131
590 _aBATCH-UPD
_b10
_c20130410
_lUCH01
_h0719
590 _aBATCH-UPD
_b10
_c20130914
_lUCH01
_h1945
590 _aCONVERSION
_b10
_c20130109
_lUCH01
_h1321
650 1 4 _aVid.
_9119097
650 1 4 _aViticultura.
830 0 _aPublicaciones de extensión agraria
_992675
901 _aBK
942 _cLIBRO
949 _a634.81 E8 1979
_bBC
_cLIBRO
_d-99779
_eLIBRO
_fc.3
_h53867
_i43599
_si
_t298.00
949 _a634.81 E8 1979
_bBC
_cLIBRO
_d-99781
_eLIBRO
_fc.5
_h40826
_i43599
_si
_t298.00
949 _a634.81 E8 1979
_bBC
_cLIBRO
_d33724000655379
_eLIBRO
_h57022
_i43599
_si
_t298.00
949 _a634.81 E8 1979
_bBC
_cLIBRO
_d33724000655387
_eLIBRO
_fc.4
_h53868
_i43599
_si
_t298.00
949 _a634.81 E8 1979
_bBC
_cLIBRO
_d33724000901112
_eLIBRO
_fc.2
_h57023
_i43599
_si
_t298.00
999 _c38506
_d38506